<?xml version="1.0" encoding="UTF-8"?>
<collection xmlns="http://www.loc.gov/MARC21/slim">
 <record>
  <leader>01062cam a2200241 7i4500</leader>
  <controlfield tag="001">0000004710</controlfield>
  <controlfield tag="005">20150315090000.0</controlfield>
  <datafield tag="020" ind1="0" ind2="0">
   <subfield code="a">9251023271 </subfield>
  </datafield>
  <datafield tag="035" ind1="0" ind2="0">
   <subfield code="a">0097-17660</subfield>
  </datafield>
  <datafield tag="090" ind1="0" ind2="0">
   <subfield code="a">SH 1 </subfield>
   <subfield code="b">.F2 1985</subfield>
  </datafield>
  <datafield tag="245" ind1="0" ind2="0">
   <subfield code="a">Inland fisheries in multiple-purpose river basin planning and development in tropical Asian countries : </subfield>
   <subfield code="b">three case studies  </subfield>
   <subfield code="c">edited by T. Petr..</subfield>
  </datafield>
  <datafield tag="260" ind1="0" ind2="0">
   <subfield code="a">Rome: </subfield>
   <subfield code="b">Food and Agriculture Organization of the United Nations, </subfield>
   <subfield code="c">1985..</subfield>
  </datafield>
  <datafield tag="300" ind1="#" ind2="#">
   <subfield code="a">166p.: </subfield>
   <subfield code="b">ill.; </subfield>
   <subfield code="c">30cm..</subfield>
  </datafield>
  <datafield tag="490" ind1="0" ind2="0">
   <subfield code="a">FAO fisheries technical paper; </subfield>
   <subfield code="v">265.</subfield>
  </datafield>
  <datafield tag="650" ind1="0" ind2="0">
   <subfield code="a">Watershed -- </subfield>
   <subfield code="x">Multiple use. -- </subfield>
   <subfield code="z">Asi </subfield>
  </datafield>
  <datafield tag="650" ind1="0" ind2="0">
   <subfield code="a">Fisherie -- </subfield>
   <subfield code="x">Case studies. -- </subfield>
   <subfield code="z">Tropic </subfield>
  </datafield>
  <datafield tag="650" ind1="0" ind2="0">
   <subfield code="a">Fisherie -- </subfield>
   <subfield code="x">Case studies. -- </subfield>
   <subfield code="z">Asi </subfield>
  </datafield>
  <datafield tag="650" ind1="0" ind2="0">
   <subfield code="a">Freshwater fishe -- </subfield>
   <subfield code="z">Asia. </subfield>
  </datafield>
  <datafield tag="650" ind1="0" ind2="0">
   <subfield code="a">Watershed -- </subfield>
   <subfield code="x">Multiple use. -- </subfield>
   <subfield code="z">Tropic </subfield>
  </datafield>
  <datafield tag="700" ind1="1" ind2="1">
   <subfield code="a">Petr, T. </subfield>
  </datafield>
  <datafield tag="830" ind1="0" ind2="0">
   <subfield code="a">Fisheries technical paper (Food and Agriculture Organization of the United Nations) ; no.265.</subfield>
  </datafield>
  <datafield tag="999" ind1=" " ind2=" ">
   <subfield code="a">0200004037</subfield>
   <subfield code="b">Book</subfield>
   <subfield code="c">Koleksi Prof. Madya Dr. Mohsin</subfield>
   <subfield code="e">KOLEKSI TERBUKA</subfield>
  </datafield>
  <datafield tag="999" ind1=" " ind2=" ">
   <subfield code="a">1000255441</subfield>
   <subfield code="b">Book</subfield>
   <subfield code="c">Open Shelf</subfield>
   <subfield code="e">KOLEKSI TERBUKA</subfield>
  </datafield>
 </record>
</collection>
